| 000 | 00866nam a2200277 i 4500 | ||
|---|---|---|---|
| 001 | bg | ||
| 100 | 1 | _aDYLĄG, Zdzisław. | |
| 245 | 1 | 0 |
_aMechanika budowli. _nT. 2 / _cZdzisław Dyląg, Eugenia Krzemińska-Niemiec, Franciszek Filip. |
| 250 | _a[Wyd. 3 popr.]. | ||
| 260 |
_aWarszawa : _bPańst. Wydaw. Naukowe, _c1986. |
||
| 300 |
_a496, [1] s. ; _c24 cm. |
||
| 521 | _aPodręcznik dla studentów wyższych szkół technicznych. | ||
| 650 | 9 |
_aBudownictwo _xmechanika |
|
| 655 | _aPodręczniki akademickie | ||
| 700 | 1 | _aKRZEMIŃSKA-Niemiec, Eugenia. | |
| 700 | 1 | _aFILIP, Franciszek. | |
| 020 | _a8301009314 (t.12) | ||
| 020 | _a8301072261 (t.2) | ||
| 040 | _cBPK | ||
| 041 | 0 | _apol | |
| 080 | _a624.01/.07(075.8) | ||
| 920 | _a83-01-00931-4 (t.1-2) | ||
| 920 | _a83-01-07226-1 (t.2) | ||
| 942 | _cKS | ||
| 008 | s pl f |000 0 pol | ||
| 999 |
_c24639 _d24639 |
||
| 856 |
_uhttp://koha.tu.koszalin.pl/cgi-bin/koha/opac-detail.pl?biblionumber=24639 _yKatalog online BPK |
||